| 000 | 00490nam a22001817a 4500 | ||
|---|---|---|---|
| 999 |
_c6176 _d6176 |
||
| 003 | GBCCL | ||
| 005 | 20241126110557.0 | ||
| 008 | 180502b ||||| |||| 00| 0 eng d | ||
| 040 | _cgbc | ||
| 082 |
_a266.023 _bCHE |
||
| 100 |
_aCheyne, John R. _92679 |
||
| 245 |
_aClimb any mountain / _cJohn R. Cheyne |
||
| 260 |
_aNashville: _bConvention Press, _c1975 |
||
| 300 |
_a79 p.; _bill., _c20 cm. |
||
| 650 |
_aMissions _zEthiopia _911102 |
||
| 650 |
_aBaptists _xMissions _92908 |
||
| 942 |
_2ddc _cBK |
||